[Event "Open SSM Luglio"]
[Site "Milano ITA"]
[Date "2012.06.30"]
[Round "3"]
[White "D'Aste, Federico"]
[Black "Frignani, Alessandro"]
[WhiteElo "1531"]
[BlackElo "1326"]
[Result "0-1"]
[PlyCount "134"]
[EventDate "2012.06.28"]

1. e4 e5 2. Nf3 Nc6 3. Bc4 Qf6 4. O-O Bd6 5. d4 exd4 6. Bg5 Qg6 7. Re1 Ne5 8.
Nxe5 Bxe5 9. f4 Bf6 10. Bxf6 Qxf6 11. e5 Qb6 12. Qg4 g6 13. Bd3 Ne7 14. Qg5 Qe6
15. Qf6 Rg8 16. Na3 Nd5 17. Qxe6+ dxe6 18. Bc4 Nxf4 19. Re4 g5 20. Rxd4 Bd7 21.
Nb5 Bxb5 22. Bxb5+ c6 23. Bf1 Ke7 24. Rd6 Rad8 25. Rad1 Rxd6 26. exd6+ Kd7 27.
Kf2 b5 28. a4 a6 29. axb5 axb5 30. c4 bxc4 31. Bxc4 Ra8 32. g3 Nd5 33. b3 Kxd6
34. Kf3 f5 35. g4 Kc5 36. Re1 Kd6 37. Bd3 fxg4+ 38. Kxg4 h6 39. Kh5 Nf4+ 40.
Kxh6 Nxd3 41. Rd1 Ke5 42. Rxd3 g4 43. Kh5 Rg8 44. Rc3 Kd5 45. Re3 Kd6 46. Rd3+
Kc7 47. Rd4 Rh8+ 48. Kxg4 Rxh2 49. Re4 Kd6 50. Rd4+ Kc5 51. Rc4+ Kd5 52. Rc1
Re2 53. Rd1+ Kc5 54. Rc1+ Kb5 55. Kf3 Rh2 56. Re1 Rh6 57. Re5+ c5 58. Kg4 Kb4
59. Kg5 Rh3 60. Rxe6 Rxb3 61. Re4+ c4 62. Kf4 Rd3 63. Re3 Rxe3 64. Kxe3 Kc3 65.
Ke2 Kc2 66. Ke3 c3 67. Ke2 Kc1 0-1

[Event "Open SSM Luglio"]
[Site "Milano ITA"]
[Date "2012.06.30"]
[Round "3"]
[White "Di Chiara, Mauro"]
[Black "Gonella, Daniele"]
[WhiteElo "1965"]
[BlackElo "2117"]
[Result "0-1"]
[PlyCount "82"]
[EventDate "2012.06.28"]

1. d4 Nf6 2. Nf3 d5 3. c4 g6 4. cxd5 Nxd5 5. e4 Nb6 6. h3 Bg7 7. Nc3 O-O 8. Be2
Nc6 9. Be3 e5 10. d5 Ne7 11. a4 f5 12. a5 fxe4 13. axb6 exf3 14. Bxf3 cxb6 15.
Qb3 Nf5 16. Bxb6 Nd4 17. Bxd8 Nxb3 18. Ra3 Nd4 19. Be7 Nxf3+ 20. gxf3 Rxf3 21.
d6 Be6 22. Ne4 Rxa3 23. bxa3 Bd5 24. f3 Bxe4 25. fxe4 Bf8 26. Bxf8 Rxf8 27. Ke2
Rd8 28. Rb1 b6 29. Rb5 Rxd6 30. Rxe5 Kf7 31. Ke3 Kf6 32. Rb5 Rc6 33. Kd4 Rd6+
34. Kc4 Rd1 35. h4 Rh1 36. Kd5 Rxh4 37. e5+ Ke7 38. Kc6 Ra4 39. Rb3 Ra5 40. Rh3
h5 41. Rg3 Rxe5 0-1

[Event "Open SSM Luglio"]
[Site "Milano ITA"]
[Date "2012.06.30"]
[Round "3"]
[White "Longo, Giovanni"]
[Black "Fantina, Carla"]
[WhiteElo "1640"]
[BlackElo "1451"]
[Result "1-0"]
[PlyCount "39"]
[EventDate "2012.06.28"]

1. e4 d6 2. d4 Nf6 3. Nc3 g6 4. Bc4 Bg7 5. Nge2 O-O 6. O-O c6 7. Bg5 h6 8. Bf4
Nh5 9. Be3 e5 10. Qd2 Kh7 11. dxe5 dxe5 12. Qxd8 Rxd8 13. Bxf7 b5 14. Rad1 Rf8
15. Bb3 Nd7 16. Rd6 Nf4 17. Rxc6 Nxe2+ 18. Nxe2 Bb7 19. Rc7 Bxe4 20. Rxd7 1-0

[Event "Open SSM Luglio"]
[Site "Milano ITA"]
[Date "2012.06.30"]
[Round "3"]
[White "Madaschi, Sergio"]
[Black "Poletto, Daniele"]
[WhiteElo "1558"]
[BlackElo "1738"]
[Result "1/2-1/2"]
[PlyCount "39"]
[EventDate "2012.06.28"]

1. d4 Nf6 2. c4 g6 3. g3 d5 4. Nf3 c6 5. Nbd2 Bg7 6. Bg2 O-O 7. O-O Nbd7 8. Qc2
dxc4 9. Nxc4 Nb6 10. Nxb6 axb6 11. Rd1 Bf5 12. Qc3 Ne4 13. Qe1 Nd6 14. Bf4 h6
15. Qb4 g5 16. Be3 Be6 17. a3 Nc4 18. Bc1 Na5 19. Be3 Nc4 20. Bc1 1/2-1/2

[Event "Open SSM Luglio"]
[Site "Milano ITA"]
[Date "2012.06.30"]
[Round "3"]
[White "Marcuzzo, Stefano"]
[Black "Calabrese, Maurizio"]
[WhiteElo "1395"]
[BlackElo "1550"]
[Result "0-1"]
[PlyCount "118"]
[EventDate "2012.06.28"]

1. e4 c5 2. f4 d6 3. Nf3 Nc6 4. Bb5 Bd7 5. Nc3 e6 6. d3 Nge7 7. O-O g6 8. Qe2
Bg7 9. Bd2 O-O 10. Bxc6 Nxc6 11. a3 a6 12. Qe1 Qc7 13. Na4 b5 14. Nc3 Ne7 15.
Rb1 f5 16. Ne2 a5 17. Nc1 b4 18. axb4 axb4 19. Ne2 e5 20. Qh4 Bb5 21. Ng5 Rf6
22. Qxh7+ Kf8 23. Qh3 Bd7 24. Nh7+ Kf7 25. Nxf6 Bxf6 26. Qf3 Nc6 27. h3 Re8 28.
fxe5 dxe5 29. exf5 gxf5 30. Qh5+ Ke7 31. Qh7+ Kd8 32. Qf7 Be7 33. Ra1 Qb8 34.
Qd5 Qd6 35. Qxd6 Bxd6 36. Bg5+ Kc7 37. h4 Be7 38. Bxe7 Rxe7 39. Ra8 Rh7 40. g3
Rf7 41. Rh8 Nd8 42. Rh6 Ne6 43. Rh5 Ng7 44. Rh8 Ne8 45. h5 Nf6 46. Kg2 Ng4 47.
Rc1 Kd6 48. c3 Bc6+ 49. Kf1 Ne3+ 50. Ke1 f4 51. gxf4 exf4 52. Kf2 Ng4+ 53. Kg1
f3 54. Ng3 f2+ 55. Kf1 Nh2+ 56. Ke2 Bd7 57. Rh1 Bg4+ 58. Kd2 f1=Q 59. Nxf1
Nxf1+ 0-1

[Event "Open SSM Luglio"]
[Site "Milano ITA"]
[Date "2012.06.30"]
[Round "3"]
[White "Miracola, Giorgia"]
[Black "Ciochetta, Giovanni"]
[WhiteElo "1790"]
[BlackElo "1574"]
[Result "0-1"]
[PlyCount "30"]
[EventDate "2012.06.28"]

1. e4 e5 2. Nf3 Nf6 3. Nxe5 d6 4. Nf3 Nxe4 5. Nc3 Nxc3 6. dxc3 Be7 7. Bd3 O-O
8. Be3 c5 9. Qd2 Nc6 10. O-O-O Be6 11. a3 d5 12. Be2 Qa5 13. g4 b5 14. h4 b4
15. cxb4 15... cxb4 {cellulare} 0-1

[Event "Open SSM Luglio"]
[Site "Milano ITA"]
[Date "2012.06.30"]
[Round "3"]
[White "Miracola, Massimiliano"]
[Black "Marchini, Daniele"]
[WhiteElo "2101"]
[BlackElo "1846"]
[Result "1-0"]
[PlyCount "96"]
[EventDate "2012.06.28"]

1. d4 Nf6 2. c4 e6 3. g3 d5 4. Nf3 dxc4 5. Bg2 Nc6 6. O-O a6 7. e3 Bd7 8. Qe2
Rb8 9. Qxc4 b5 10. Qe2 Bd6 11. e4 e5 12. d5 Ne7 13. Bg5 Ng6 14. Rc1 h6 15. Bd2
b4 16. Be1 Bb5 17. Qc2 a5 18. a4 Bd7 19. Nbd2 O-O 20. Nc4 Ra8 21. Bd2 Qb8 22.
b3 Rc8 23. Be3 Ng4 24. Qd2 Nxe3 25. Qxe3 Qa7 26. Qxa7 Rxa7 27. Nxd6 cxd6 28.
Rxc8+ Bxc8 29. Rc1 Ne7 30. Nd2 Ba6 31. Bf1 Bxf1 32. Kxf1 f5 33. f3 fxe4 34.
fxe4 Kh7 35. Ke2 Ng8 36. Rc6 Nf6 37. Rxd6 Ne8 38. Rc6 Nf6 39. Kd3 Ng4 40. Kc4
Nxh2 41. d6 Ng4 42. Rc7 Ra8 43. d7 Nf6 44. Kc5 Rd8 45. Kc6 Kg6 46. Nc4 Kf7 47.
Rc8 Rxd7 48. Nxe5+ Ke7 1-0

[Event "Open SSM Luglio"]
[Site "Milano ITA"]
[Date "2012.06.30"]
[Round "3"]
[White "Molinelli, Luigi"]
[Black "Colica, Daniele"]
[WhiteElo "1251"]
[BlackElo "1679"]
[Result "0-1"]
[PlyCount "126"]
[EventDate "2012.06.28"]

1. d4 Nf6 2. Nf3 b6 3. g3 Bb7 4. Bg2 e6 5. a3 Be7 6. O-O O-O 7. Nc3 c5 8. Bf4
cxd4 9. Nb5 d6 10. Nbxd4 e5 11. Nxe5 Bxg2 12. Kxg2 dxe5 13. Bxe5 Qd5+ 14. Nf3
Qb7 15. Kg1 Nc6 16. Bc3 Rfd8 17. Qc1 Ne4 18. Qe3 Nxc3 19. Qxc3 Bf6 20. Qb3 Nd4
21. Nxd4 Rxd4 22. Rad1 Rad8 23. c3 Rxd1 24. Rxd1 Rxd1+ 25. Qxd1 h6 26. Qd3 Qe7
27. e4 Qd8 28. Qxd8+ Bxd8 29. Kg2 Kf8 30. Kf3 Bg5 31. b3 Bc1 32. a4 Bb2 33. c4
Bd4 34. g4 a5 35. Ke2 Ke7 36. f4 Kd6 37. Kd3 Bg1 38. h3 Bh2 39. e5+ Ke6 40. Ke4
g6 41. f5+ Ke7 42. Kd5 Kd7 43. e6+ fxe6+ 44. fxe6+ Ke7 45. c5 bxc5 46. Kxc5
Kxe6 47. Kb6 Kd6 48. Kxa5 Kc6 49. Kb4 Bf4 50. Kc4 Bd2 51. b4 Kb6 52. a5+ Ka6
53. Kc5 Be1 54. Kc4 Bf2 55. b5+ Kxa5 56. Kd5 Kxb5 57. Ke6 Kc6 58. Kf6 h5 59.
Kxg6 h4 60. Kf6 Kd6 61. Kf7 Ke5 62. g5 Kf5 63. g6 Bd4 0-1

[Event "Open SSM Luglio"]
[Site "Milano ITA"]
[Date "2012.06.30"]
[Round "3"]
[White "Petrone, Gianmario"]
[Black "Agnello, Francesco Claudio"]
[WhiteElo "1930"]
[BlackElo "1608"]
[Result "1-0"]
[PlyCount "99"]
[EventDate "2012.06.28"]

1. e4 c5 2. Nf3 d6 3. d4 cxd4 4. Nxd4 Nf6 5. Nc3 a6 6. Bg5 e6 7. f4 Be7 8. Qf3
Bd7 9. O-O-O e5 10. Nf5 Bxf5 11. exf5 Qc7 12. g4 Nc6 13. Bxf6 Bxf6 14. g5 Be7
15. Nd5 Qd8 16. h4 f6 17. Qh5+ Kd7 18. Qf7 Kc8 19. fxe5 fxe5 20. Bh3 Kb8 21.
Nxe7 Qxe7 22. Qxe7 Nxe7 23. Rxd6 Rf8 24. Rhd1 Nxf5 25. Bxf5 Rxf5 26. Rd7 Rf4
27. Rxg7 Rxh4 28. Rdd7 Rb4 29. Rxh7 Ka7 30. a3 Rb6 31. Rhe7 Rb8 32. Rxe5 Rg6
33. b3 Rbg8 34. Ree7 Rb8 35. Rg7 Rc6 36. Kb2 a5 37. Rc7 Re6 38. Rge7 Rg6 39.
Rc5 Ra6 40. Ree5 b6 41. Rc7+ Rb7 42. Ree7 Rxc7 43. Rxc7+ Kb8 44. Rf7 b5 45. Rf5
Rb6 46. g6 Rxg6 47. Rxb5+ Ka7 48. Rxa5+ Ra6 49. Rxa6+ Kxa6 50. b4 1-0

[Event "Open SSM Luglio"]
[Site "Milano ITA"]
[Date "2012.07.01"]
[Round "4"]
[White "Agnello, Francesco Claudio"]
[Black "Molinelli, Luigi"]
[WhiteElo "1608"]
[BlackElo "1251"]
[Result "1-0"]
[PlyCount "39"]
[EventDate "2012.06.28"]

1. d4 Nf6 2. Bg5 g6 3. Bxf6 exf6 4. Nf3 Bg7 5. g3 O-O 6. Bg2 d6 7. O-O f5 8.
Nc3 Nc6 9. e3 Ne7 10. a3 Rb8 11. Ne2 b6 12. c4 c5 13. Qc2 Bb7 14. d5 Ba6 15. a4
Qd7 16. Rac1 Rb7 17. b3 Rfb8 18. Nc3 b5 19. axb5 Bxb5 20. cxb5 1-0

[Event "Open SSM Luglio"]
[Site "Milano ITA"]
[Date "2012.07.01"]
[Round "4"]
[White "Carbone, Lorenzo"]
[Black "Coppola, Federico"]
[WhiteElo "1701"]
[BlackElo "1853"]
[Result "0-1"]
[PlyCount "68"]
[EventDate "2012.06.28"]

1. e4 c5 2. Nf3 d6 3. d4 cxd4 4. Nxd4 Nf6 5. Nc3 g6 6. Be3 Bg7 7. f3 O-O 8. Qd2
Nc6 9. Bc4 Bd7 10. O-O-O Na5 11. Bb3 Rb8 12. Bh6 Bxh6 13. Qxh6 b5 14. Nd5 e5
15. Nxf6+ Qxf6 16. Ne2 Nxb3+ 17. cxb3 b4 18. h4 Qe7 19. Qd2 Rb6 20. h5 a5 21.
hxg6 fxg6 22. Rh6 a4 23. bxa4 Bxa4 24. Rdh1 Rc8+ 25. Kb1 Bc2+ 26. Ka1 Qe6 27.
Nc1 Ra6 28. Qxb4 Rxa2+ 29. Nxa2 Ra8 30. Qa3 Rxa3 31. bxa3 Qc4 32. Nb4 Qc3+ 33.
Ka2 Qb3+ 34. Ka1 Qxa3+ 0-1

[Event "Open SSM Luglio"]
[Site "Milano ITA"]
[Date "2012.07.01"]
[Round "4"]
[White "Ciochetta, Giovanni"]
[Black "Petrone, Gianmario"]
[WhiteElo "1574"]
[BlackElo "1930"]
[Result "0-1"]
[PlyCount "64"]
[EventDate "2012.06.28"]

1. e4 c5 2. Nf3 d6 3. d4 cxd4 4. Nxd4 Nf6 5. Nc3 a6 6. Bg5 e6 7. Qd3 Nbd7 8.
Nb3 Qc7 9. Bxf6 Nxf6 10. O-O-O b5 11. a3 Bb7 12. f3 Rc8 13. g4 Be7 14. h4 d5
15. exd5 Nxd5 16. Nxd5 Bxd5 17. g5 Bxf3 18. Be2 Bxh1 19. Rxh1 O-O 20. Qe4 Qc6
21. Bd3 Qxe4 22. Bxe4 Rc7 23. Na5 h6 24. gxh6 gxh6 25. Rg1+ Kh8 26. h5 Rg8 27.
Rxg8+ Kxg8 28. Kb1 Bd8 29. Nc6 f5 30. Bf3 Bf6 31. c3 e5 32. Kc2 e4 0-1

[Event "Open SSM Luglio"]
[Site "Milano ITA"]
[Date "2012.07.01"]
[Round "4"]
[White "Colica, Daniele"]
[Black "Di Chiara, Mauro"]
[WhiteElo "1679"]
[BlackElo "1965"]
[Result "1-0"]
[PlyCount "71"]
[EventDate "2012.06.28"]

1. Nf3 d6 2. d4 g6 3. e4 Bg7 4. Be3 Nf6 5. Nc3 O-O 6. h3 c6 7. Qd2 b5 8. Bd3
Nbd7 9. Bh6 e5 10. Bxg7 Kxg7 11. O-O a6 12. Ne2 Bb7 13. Ng3 h6 14. Nh4 Rh8 15.
c3 d5 16. f4 Nxe4 17. Nhf5+ gxf5 18. Nxf5+ Kg8 19. Bxe4 dxe4 20. fxe5 Nxe5 21.
Qf4 Ng6 22. Qg3 Qg5 23. Qc7 Bc8 24. Nd6 Ne5 25. Nxf7 Qe3+ 26. Kh1 Nf3 27. Nxh8
Be6 28. Qd6 Kg7 29. Qxe6 Kxh8 30. gxf3 Rg8 31. Qxe4 Qd2 32. Rg1 Rg5 33. Rxg5
hxg5 34. Rg1 Qxb2 35. Qe5+ Kh7 36. Qxg5 1-0

[Event "Open SSM Luglio"]
[Site "Milano ITA"]
[Date "2012.07.01"]
[Round "4"]
[White "Frignani, Alessandro"]
[Black "Bisignano, Giuseppe"]
[WhiteElo "1326"]
[BlackElo "1877"]
[Result "0-1"]
[PlyCount "44"]
[EventDate "2012.06.28"]

1. e4 e5 2. Bc4 Nf6 3. Qf3 Nc6 4. c3 Bc5 5. b4 Be7 6. Ne2 d6 7. h3 O-O 8. d3
Be6 9. Bxe6 fxe6 10. b5 Na5 11. c4 c6 12. a4 d5 13. Na3 Nxe4 14. Qg4 Bb4+ 15.
Kf1 Nxf2 16. Qxe6+ Kh8 17. Kg1 Nxh1 18. Kxh1 Rf1+ 19. Kh2 Nb3 20. Rb1 Nxc1 21.
Rxc1 Rxc1 22. Nxc1 Bxa3 0-1

[Event "Open SSM Luglio"]
[Site "Milano ITA"]
[Date "2012.07.01"]
[Round "4"]
[White "Gonella, Daniele"]
[Black "Pelizzola, Danilo"]
[WhiteElo "2117"]
[BlackElo "2005"]
[Result "1/2-1/2"]
[PlyCount "96"]
[EventDate "2012.06.28"]

1. e4 e5 2. Nf3 Nc6 3. d4 exd4 4. Nxd4 Nf6 5. Nc3 d6 6. Bc4 Be7 7. O-O O-O 8.
Re1 Bd7 9. h3 Re8 10. Be3 Bf8 11. Bg5 h6 12. Bh4 Be7 13. Nxc6 Bxc6 14. Qf3 Rf8
15. Rad1 Nd7 16. Bg3 Bf6 17. Bb3 Be5 18. Bxe5 Nxe5 19. Qg3 Qg5 20. Qxg5 hxg5
21. Re3 Kh7 22. f3 Rae8 23. Kf2 g6 24. Bd5 Kg7 25. Bxc6 bxc6 26. Ne2 Rb8 27. b3
Rb6 28. Rd4 Ra6 29. Nc1 c5 30. Rd1 Ra3 31. Ke2 Rb8 32. g3 Nc6 33. c3 Rh8 34.
Rh1 f6 35. f4 gxf4 36. gxf4 Kf7 37. Rg1 a5 38. Reg3 Rh6 39. Kd3 a4 40. R1g2
axb3 41. axb3 Ra1 42. Kc2 Ne7 43. Kb2 Ra8 44. Nd3 Rah8 45. Nf2 Rh4 46. Rf3 Nc6
47. Rg1 Ra8 48. Nd1 Ra5 1/2-1/2

[Event "Open SSM Luglio"]
[Site "Milano ITA"]
[Date "2012.07.01"]
[Round "4"]
[White "Gonella, Graziano"]
[Black "Miracola, Giorgia"]
[WhiteElo "1222"]
[BlackElo "1790"]
[Result "0-1"]
[PlyCount "28"]
[EventDate "2012.06.28"]

1. e4 c5 2. Nf3 e6 3. d4 cxd4 4. Nxd4 Nf6 5. Nc3 d6 6. f4 Nc6 7. Bb5 Bd7 8. e5
dxe5 9. fxe5 Nxe5 10. Bxd7+ Qxd7 11. O-O Bc5 12. Be3 Neg4 13. Re1 Nxe3 14. Rxe3
Bxd4 0-1

[Event "Open SSM Luglio"]
[Site "Milano ITA"]
[Date "2012.07.01"]
[Round "4"]
[White "Gongalov, Bojan"]
[Black "Madaschi, Sergio"]
[WhiteElo "2090"]
[BlackElo "1558"]
[Result "1/2-1/2"]
[PlyCount "50"]
[EventDate "2012.06.28"]

1. Nc3 Nc6 2. d4 e6 3. e4 d5 4. e5 Bb4 5. Qg4 Nge7 6. Bd3 Ng6 7. h4 h5 8. Qg3
Nce7 9. Bg5 O-O 10. Qf3 c5 11. a3 Qa5 12. Nge2 cxd4 13. Bxe7 Bxe7 14. Nxd4 Nxe5
15. Qxh5 Nxd3+ 16. cxd3 Bf6 17. Nde2 g6 18. Qf3 Bxc3+ 19. Nxc3 d4 20. b4 Qe5+
21. Qe4 Qxe4+ 22. Nxe4 b6 23. h5 gxh5 24. Nf6+ Kg7 25. Nxh5+ Kg6 1/2-1/2

[Event "Open SSM Luglio"]
[Site "Milano ITA"]
[Date "2012.07.01"]
[Round "4"]
[White "Longo, Giovanni"]
[Black "Casamassima, Paolo"]
[WhiteElo "1640"]
[BlackElo "1694"]
[Result "1-0"]
[PlyCount "77"]
[EventDate "2012.06.28"]

1. e4 c5 2. Nf3 d6 3. Nc3 Nf6 4. Bb5+ Bd7 5. Bxd7+ Qxd7 6. d4 cxd4 7. Nxd4 a6
8. O-O g6 9. Re1 Bg7 10. e5 dxe5 11. Rxe5 Nc6 12. Nxc6 Qxc6 13. Qe2 e6 14. Bg5
O-O 15. Re3 Nd5 16. Nxd5 Qxd5 17. Be7 Rfe8 18. Rd1 Qxa2 19. Rd7 Qxb2 20. Rb3
Qc1+ 21. Rd1 Qf4 22. Rxb7 Bf8 23. g3 Qf5 24. g4 Qf4 25. Bh4 Bc5 26. Rd3 Rf8 27.
Bg3 Qf6 28. Be5 Qg5 29. Rdd7 h5 30. h3 hxg4 31. hxg4 Rae8 32. Kg2 a5 33. f4 Qh4
34. Rd3 f6 35. Rh3 Qf2+ 36. Qxf2 Bxf2 37. Rhh7 Rf7 38. Rbxf7 fxe5 39. Kxf2 1-0

[Event "Open SSM Luglio"]
[Site "Milano ITA"]
[Date "2012.07.01"]
[Round "4"]
[White "Macri', Vincenzo Roberto"]
[Black "Calabrese, Maurizio"]
[WhiteElo "1629"]
[BlackElo "1550"]
[Result "0-1"]
[PlyCount "62"]
[EventDate "2012.06.28"]

1. e4 e5 2. Nf3 Nc6 3. Bb5 a6 4. Ba4 d6 5. c3 Nf6 6. O-O Be7 7. d4 b5 8. Bc2
Bg4 9. d5 Nb8 10. Bg5 Nbd7 11. Nbd2 Nxd5 12. exd5 Bxg5 13. h3 Bxd2 14. hxg4 Bg5
15. Nxg5 Qxg5 16. f4 exf4 17. Re1+ Ne5 18. Bf5 O-O 19. Rxe5 dxe5 20. d6 cxd6
21. Qxd6 Qf6 22. Qc7 g6 23. Bd7 Qe7 24. Rd1 Kg7 25. Rd5 f6 26. g5 Rf7 27. gxf6+
Qxf6 28. Qb7 Rd8 29. Qc7 Qe7 30. Qxe5+ Qxe5 31. Rxe5 Rdxd7 0-1

[Event "Open SSM Luglio"]
[Site "Milano ITA"]
[Date "2012.07.01"]
[Round "4"]
[White "Marchini, Daniele"]
[Black "Guttarolo, Giovanni"]
[WhiteElo "1846"]
[BlackElo "1250"]
[Result "1-0"]
[PlyCount "47"]
[EventDate "2012.06.28"]

1. d4 d6 2. c4 Nf6 3. Nc3 g6 4. e4 Bg7 5. Nf3 O-O 6. Be2 Nbd7 7. O-O c5 8. d5
Re8 9. Rb1 b6 10. h3 a6 11. Be3 Bb7 12. Qd2 e5 13. Ne1 a5 14. Nc2 a4 15. Na3
Kh8 16. Nab5 Nf8 17. Bd3 Nh5 18. Be2 Nf6 19. f4 Ng8 20. fxe5 dxe5 21. Rxf7 Re7
22. Bg5 Nf6 23. Bxf6 Bxf6 24. Rxf6 1-0

[Event "Open SSM Luglio"]
[Site "Milano ITA"]
[Date "2012.07.01"]
[Round "4"]
[White "Motola, Jacopo"]
[Black "Miracola, Massimiliano"]
[WhiteElo "1937"]
[BlackElo "2101"]
[Result "1/2-1/2"]
[PlyCount "24"]
[EventDate "2012.06.28"]

1. e4 c6 2. d4 d5 3. Nc3 dxe4 4. Nxe4 Bf5 5. Ng3 Bg6 6. Nh3 e6 7. Nf4 Nf6 8. h4
Bd6 9. h5 Qc7 10. hxg6 Bxf4 11. gxf7+ Kxf7 12. Bxf4 Qxf4 1/2-1/2

[Event "Open SSM Luglio"]
[Site "Milano ITA"]
[Date "2012.07.01"]
[Round "4"]
[White "Verderame, Alberto"]
[Black "D'Aste, Federico"]
[WhiteElo "1424"]
[BlackElo "1531"]
[Result "0-1"]
[PlyCount "144"]
[EventDate "2012.06.28"]

1. d4 Nf6 2. e3 d5 3. b3 Bf5 4. Bd3 Bxd3 5. Qxd3 e6 6. Bb2 Nc6 7. c3 Bd6 8. Nf3
O-O 9. Nbd2 Re8 10. e4 e5 11. O-O exd4 12. exd5 Nxd5 13. Nxd4 Nf4 14. Qf3 Nxd4
15. cxd4 Ne2+ 16. Kh1 Bb4 17. Qd3 Qg5 18. Nf3 Nf4 19. Qxh7+ Kxh7 20. Nxg5+ Kg6
21. h4 Re2 22. Bc1 Nd3 23. Nh3 Rae8 24. Nf4+ Nxf4 25. Bxf4 c6 26. Be3 Bd2 27.
Bxd2 Rxd2 28. Rfe1 Rxe1+ 29. Rxe1 Rxd4 30. Re7 Rxh4+ 31. Kg1 Rb4 32. Kf1 Kf6
33. Rc7 Ke6 34. Ke2 g5 35. Kd3 f5 36. Kc3 Rb6 37. a4 a5 38. Kc4 Ke5 39. Rg7 g4
40. Re7+ Kf4 41. Rf7 Ke4 42. f3+ gxf3 43. gxf3+ Kf4 44. Kc3 Rb4 45. Kc2 b5 46.
Rc7 bxa4 47. bxa4 Rc4+ 48. Kb3 Rb4+ 49. Ka3 Kxf3 50. Rxc6 Re4 51. Rc5 Re3+ 52.
Kb2 Kg4 53. Rxa5 f4 54. Ra8 f3 55. Rg8+ Kf4 56. Rf8+ Ke4 57. a5 Re2+ 58. Kc3
Ra2 59. Re8+ Kf4 60. Rf8+ Ke3 61. Re8+ Kf2 62. Kb4 Kg2 63. Rg8+ Kf1 64. Rf8 f2
65. Rxf2+ Kxf2 66. Kb5 Ke3 67. Kb6 Kd4 68. a6 Rb2+ 69. Ka7 Kc5 70. Ka8 Kb6 71.
a7 Ra2 72. Kb8 Rxa7 0-1

[Event "Open SSM Luglio"]
[Site "Milano ITA"]
[Date "2012.07.01"]
[Round "5"]
[White "Bemporad, Filippo"]
[Black "Marchini, Daniele"]
[WhiteElo "2078"]
[BlackElo "1846"]
[Result "1-0"]
[PlyCount "55"]
[EventDate "2012.06.28"]

1. d4 Nf6 2. Nf3 e6 3. g3 d5 4. Bg2 c5 5. c4 Nc6 6. O-O dxc4 7. Qa4 Bd7 8. Qxc4
cxd4 9. Nxd4 Nxd4 10. Qxd4 Qc8 11. Be3 Bc6 12. Rc1 Nd5 13. Bg5 f6 14. Bd2 Bd6
15. e4 Be5 16. Qc5 Ne7 17. Na3 Qd7 18. Nc4 Rc8 19. Nxe5 Qxd2 20. Nc4 Qe2 21.
Nd6+ Kd8 22. Nxc8 Nxc8 23. e5 Qxe5 24. Qxe5 fxe5 25. Bxc6 bxc6 26. Rxc6 Kd7 27.
Rac1 Rg8 28. Rc7+ 1-0

[Event "Open SSM Luglio"]
[Site "Milano ITA"]
[Date "2012.07.01"]
[Round "5"]
[White "Bisignano, Giuseppe"]
[Black "Ciochetta, Giovanni"]
[WhiteElo "1877"]
[BlackElo "1574"]
[Result "1-0"]
[PlyCount "88"]
[EventDate "2012.06.28"]

1. e4 e5 2. Nf3 Nf6 3. Nxe5 d6 4. Nf3 Nxe4 5. d3 Nf6 6. Nc3 Be7 7. d4 d5 8. h3
O-O 9. Bd3 c5 10. dxc5 Bxc5 11. O-O h6 12. Bf4 Nc6 13. Qd2 Re8 14. Rfe1 Be6 15.
a3 a6 16. b4 Ba7 17. Re2 b5 18. Rae1 Kf8 19. Ne5 Nxe5 20. Bxe5 d4 21. Ne4 Nxe4
22. Bxe4 Rc8 23. Qf4 Qg5 24. Qh2 Rc3 25. Bf4 Qd8 26. Bd3 Rxa3 27. Bd6+ Kg8 28.
Qf4 Qg5 29. Qf3 Rd8 30. Qc6 g6 31. Re5 Qf6 32. R5e4 Kh7 33. Be5 Qe7 34. Bg3 Qd7
35. Rxe6 fxe6 36. Rxe6 Qxc6 37. Rxc6 Rg8 38. Be5 Bb8 39. Bxd4 Bf4 40. g3 Bb8
41. Rb6 h5 42. Rb7+ Kh6 43. h4 Bd6 44. Be3+ g5 1-0

[Event "Open SSM Luglio"]
[Site "Milano ITA"]
[Date "2012.07.01"]
[Round "5"]
[White "Calabrese, Maurizio"]
[Black "Carbone, Lorenzo"]
[WhiteElo "1550"]
[BlackElo "1701"]
[Result "0-1"]
[PlyCount "32"]
[EventDate "2012.06.28"]

1. e4 c5 2. Nf3 d6 3. d4 cxd4 4. Nxd4 Nf6 5. Nc3 e6 6. f4 Be7 7. h3 a6 8. Be2
b5 9. a3 Bb7 10. O-O Nxe4 11. Ncxb5 axb5 12. Bxb5+ Nd7 13. Qg4 O-O 14. Nc6 Qb6+
15. Kh2 Bxc6 16. Bd3 f5 0-1

[Event "Open SSM Luglio"]
[Site "Milano ITA"]
[Date "2012.07.01"]
[Round "5"]
[White "Casamassima, Paolo"]
[Black "Gongalov, Bojan"]
[WhiteElo "1694"]
[BlackElo "2090"]
[Result "0-1"]
[PlyCount "40"]
[EventDate "2012.06.28"]

1. e4 Nf6 2. e5 Nd5 3. d4 d6 4. c4 Nb6 5. exd6 exd6 6. Bd3 Be7 7. Ne2 Bg4 8. f3
Bh5 9. O-O Nc6 10. a3 O-O 11. Nbc3 Re8 12. Be3 d5 13. cxd5 Nxd5 14. Nxd5 Qxd5
15. Nf4 Qg5 16. Qc1 Bd6 17. Re1 Rxe3 18. Qxe3 Qxf4 19. Qe8+ Rxe8 20. Rxe8+ Bf8
0-1

[Event "Open SSM Luglio"]
[Site "Milano ITA"]
[Date "2012.07.01"]
[Round "5"]
[White "D'Aste, Federico"]
[Black "Gonella, Graziano"]
[WhiteElo "1531"]
[BlackElo "1222"]
[Result "1-0"]
[PlyCount "29"]
[EventDate "2012.06.28"]

1. e4 e5 2. Nf3 d6 3. d4 exd4 4. Nxd4 Nf6 5. Nc3 c5 6. Nf5 Bxf5 7. exf5 Nc6 8.
Bc4 Qd7 9. Qf3 Nd4 10. Qe3+ Be7 11. Bd3 O-O-O 12. O-O Nxf5 13. Bxf5 Qxf5 14.
Qxe7 Nd5 15. Qe2 1-0

[Event "Open SSM Luglio"]
[Site "Milano ITA"]
[Date "2012.07.01"]
[Round "5"]
[White "Di Chiara, Mauro"]
[Black "Longo, Giovanni"]
[WhiteElo "1965"]
[BlackElo "1640"]
[Result "1-0"]
[PlyCount "111"]
[EventDate "2012.06.28"]

1. Nf3 Nf6 2. d4 d5 3. c4 c6 4. g3 e6 5. Bg2 g6 6. O-O Bg7 7. Nbd2 O-O 8. Qc2
Nbd7 9. e4 dxe4 10. Nxe4 Nxe4 11. Qxe4 Qc7 12. Bf4 Nf6 13. Qe3 Qa5 14. Ne5 Nh5
15. Nxc6 bxc6 16. Bxc6 Nxf4 17. Bxa8 Nh3+ 18. Kg2 Qh5 19. Bf3 Qf5 20. g4 Nf4+
21. Kg3 Nh5+ 22. gxh5 e5 23. Kg2 exd4 24. Qe4 Qh3+ 25. Kg1 Bf5 26. Bg2 Qxh5 27.
Qf3 Bg4 28. Qd5 Qh4 29. f4 Rd8 30. Qg5 Qxg5 31. fxg5 d3 32. Bd5 Bf5 33. Kg2 Rb8
34. b3 Bxa1 35. Rxa1 Re8 36. Bf3 Be4 37. Rd1 Bxf3+ 38. Kxf3 Re2 39. Rxd3 Rxh2
40. c5 Rc2 41. b4 Kf8 42. Ke4 Rxa2 43. Kd5 Rg2 44. c6 Ke8 45. Kd6 Kd8 46. Rd5
Re2 47. Ra5 Rd2+ 48. Kc5 Rc2+ 49. Kb5 Rg2 50. Rxa7 Rxg5+ 51. Kb6 Rg1 52. c7+
Kd7 53. b5 Rc1 54. Kb7 Rc5 55. b6 Rc1 56. Kb8 1-0

[Event "Open SSM Luglio"]
[Site "Milano ITA"]
[Date "2012.07.01"]
[Round "5"]
[White "Fantina, Carla"]
[Black "Verderame, Alberto"]
[WhiteElo "1451"]
[BlackElo "1424"]
[Result "0-1"]
[PlyCount "48"]
[EventDate "2012.06.28"]

1. c4 Nf6 2. Nc3 c6 3. e4 e5 4. Nf3 d6 5. a3 Qb6 6. Be2 Na6 7. O-O Be7 8. Na4
Qd8 9. h3 Nc7 10. d3 O-O 11. Be3 Be6 12. Nc3 Re8 13. Nh2 d5 14. cxd5 cxd5 15.
Nxd5 Nfxd5 16. exd5 Nxd5 17. Ng4 Nxe3 18. fxe3 Bd6 19. Rc1 Bd7 20. Qd2 f5 21.
Nf2 e4 22. dxe4 Be6 23. exf5 Bh2+ 24. Kxh2 Qxd2 0-1

[Event "Open SSM Luglio"]
[Site "Milano ITA"]
[Date "2012.07.01"]
[Round "5"]
[White "Guttarolo, Giovanni"]
[Black "Madaschi, Sergio"]
[WhiteElo "1250"]
[BlackElo "1558"]
[Result "0-1"]
[PlyCount "38"]
[EventDate "2012.06.28"]

1. e4 c5 2. e5 Qc7 3. d4 cxd4 4. Qxd4 Nc6 5. Qe3 Qxe5 6. Nf3 Qxe3+ 7. Bxe3 d6
8. Bc4 Nf6 9. Ng5 e6 10. O-O Be7 11. h3 O-O 12. Nd2 Bd7 13. Rfe1 h6 14. Ngf3
Rac8 15. Nd4 a6 16. N4f3 Nb4 17. Nd4 e5 18. a3 exd4 19. axb4 dxe3 0-1